[Event "Aegean op 43rd"]
[Site "Aghios Kirykos"]
[Date "2020.07.11"]
[Round "2"]
[White "Nikolaidis, Ioannis"]
[Black "Petsas, Spyridon"]
[Result "1-0"]
[WhiteElo "2535"]
[BlackElo "1684"]
[PlyCount "47"]
[EventDate "2020.07.10"]
[EventType "swiss"]
[EventRounds "7"]
[EventCountry "GRE"]
[SourceTitle "EXT 2021"]
[Source "ChessBase"]
[SourceDate "2020.10.23"]
[SourceVersion "1"]
[SourceVersionDate "2020.10.23"]
[SourceQuality "1"]

1. Nf3 d5 2. d4 Nf6 3. c4 e6 4. Nc3 Be7 5. Bf4 c6 6. e3 0-0 7. Rc1 Nbd7 8. a3 dxc4 9. Bxc4 Nb6 10. Bd3 Nbd5 11. Bg3 Qa5 12. 0-0 Nxc3 13. Rxc3 Nh5 14. Be5 f6 15. Ng5 g6 16. Nxh7 fxe5 17. Nxf8 Bxf8 18. Qg4 exd4 19. Qxg6+ Ng7 20. Qh7+ Kf7 21. Bg6+ Ke7 22. exd4 Qg5 23. Rg3 Qf6 24. Rf3 1-0

[Event "Nis 75th"]
[Site "Nis"]
[Date "2019.12.01"]
[Round "2"]
[White "Ivic, Velimir"]
[Black "Nikolaidis, Ioannis"]
[Result "1/2-1/2"]
[WhiteElo "2531"]
[BlackElo "2531"]
[PlyCount "185"]
[EventDate "2019.11.30"]
[EventType "tourn"]
[EventRounds "9"]
[EventCountry "SRB"]
[EventCategory "10"]
[SourceTitle "CBM 193 Extra"]
[Source "ChessBase"]
[SourceDate "2020.01.31"]
[SourceVersion "1"]
[SourceVersionDate "2020.01.31"]
[SourceQuality "1"]

1. e4 e5 2. Nf3 Nc6 3. Bb5 Nf6 4. 0-0 Nxe4 5. Re1 Nd6 6. Nxe5 Be7 7. Bf1 0-0 8. d4 Nf5 9. Nf3 d5 10. Nc3 Bf6 11. Ne2 Re8 12. c3 g6 13. Nf4 Rxe1 14. Qxe1 Ng7 15. Nd3 Bf5 16. Bf4 Ne6 17. Bg3 Be4 18. Qd1 Ne7 19. h3 Nf5 20. Bh2 b6 21. Nd2 c5 22. dxc5 bxc5 23. Ne5 Ng5 24. Ng4 h5 25. Nxf6+ Qxf6 26. Nxe4 dxe4 27. Qd5 Rd8 28. Qe5 Qxe5 29. Bxe5 Rd5 30. Bb8 a5 31. Bc4 Rd7 32. Re1 e3 33. Bf4 Ne4 34. Bxe3 Nxe3 35. Rxe3 Rd1+ 36. Kh2 Nxf2 37. Bxf7+ Kxf7 38. Rf3+ Ke6 39. Rxf2 Rd3 40. Re2+ Kf5 41. Re7 Rd2 42. Rc7 Rxb2 43. Rxc5+ Kf6 44. a4 Rb3 45. Kg3 Ra3 46. Rc4 g5 47. Kf3 Ke5 48. Rc5+ Kf6 49. Rxa5 Rxc3+ 50. Kf2 Ra3 51. Kg1 h4 52. Kh2 Ra1 53. Ra7 Kg6 54. a5 Kh6 55. a6 Kg6 56. Ra8 Ra2 57. a7 Kg7 58. Kg1 g4 59. hxg4 Kh7 60. Kf1 Kg7 61. Ke1 Kh7 62. Kd1 Ra6 63. Ke2 Ra5 64. Ke3 Ra4 65. Kd3 Kg7 66. Kc3 Ra1 67. Kd4 Ra2 68. Ke5 Ra1 69. Kf4 Ra5 70. g5 Ra4+ 71. Kf5 Ra2 72. Kf4 Kh7 73. Kf3 Kg7 74. Ke3 Kh7 75. Kd3 Kg7 76. Kc3 Ra6 77. Kd2 Ra5 78. Ke2 Ra6 79. Kf2 Ra1 80. Kf3 Ra4 81. Rb8 Rxa7 82. Kg4 Rc7 83. Kxh4 Rc1 84. Kg4 Rd1 85. Rb7+ Kg6 86. Rb6+ Kg7 87. g6 Rd5 88. Kf4 Ra5 89. g4 Ra4+ 90. Kg5 Ra5+ 91. Kh4 Rc5 92. g5 Rc3 93. Kg4 1/2-1/2

[Event "Nis 75th"]
[Site "Nis"]
[Date "2019.11.30"]
[Round "1"]
[White "Radovanovic, Mihajlo"]
[Black "Nikolaidis, Ioannis"]
[Result "1/2-1/2"]
[WhiteElo "2479"]
[BlackElo "2531"]
[PlyCount "60"]
[EventDate "2019.11.30"]
[EventType "tourn"]
[EventRounds "9"]
[EventCountry "SRB"]
[EventCategory "10"]
[SourceTitle "CBM 193 Extra"]
[Source "ChessBase"]
[SourceDate "2020.01.31"]
[SourceVersion "1"]
[SourceVersionDate "2020.01.31"]
[SourceQuality "1"]

1. d4 d5 2. c4 e6 3. Nc3 Nf6 4. cxd5 exd5 5. Bg5 c6 6. e3 Be7 7. Bd3 Nbd7 8. Qc2 Nf8 9. Nf3 Ne6 10. Bh4 g6 11. h3 0-0 12. 0-0 Ng7 13. Rab1 Bf5 14. b4 a6 15. a4 Bxd3 16. Qxd3 Nf5 17. Bxf6 Bxf6 18. b5 axb5 19. axb5 Ra3 20. bxc6 bxc6 21. Qc2 Qa8 22. Rfc1 Nd6 23. Qd1 Rb8 24. Rxb8+ Qxb8 25. Rb1 Qa7 26. Qc1 Nc4 27. Nd2 Nxd2 28. Qxd2 Qa5 29. Rb8+ Kg7 30. Nb1 Qxd2 1/2-1/2

[Event "Anogia Lasker Memorial 1st"]
[Site "Anogia"]
[Date "2019.09.18"]
[Round "8"]
[White "Nikolaidis, Ioannis"]
[Black "Bronstein, Or"]
[Result "1/2-1/2"]
[WhiteElo "2530"]
[BlackElo "2404"]
[PlyCount "52"]
[EventDate "2019.09.11"]
[EventType "tourn"]
[EventRounds "9"]
[EventCountry "GRE"]
[EventCategory "7"]
[SourceTitle "EXT 2020"]
[Source "ChessBase"]
[SourceDate "2019.10.17"]
[SourceVersion "1"]
[SourceVersionDate "2019.10.17"]
[SourceQuality "1"]

1. d4 Nf6 2. c4 g6 3. g3 Bg7 4. Bg2 0-0 5. Nc3 d6 6. Nf3 c5 7. 0-0 Nc6 8. dxc5 dxc5 9. Bf4 Nh5 10. Be3 b6 11. Qc1 Bb7 12. Rd1 Qc8 13. Bh6 Rd8 14. Nd5 e6 15. Bxg7 Kxg7 16. Qc3+ Kg8 17. Nf6+ Nxf6 18. Qxf6 Qc7 19. Ng5 Nd4 20. Bxb7 Qxb7 21. e3 Nc6 22. b3 Qe7 23. Qxe7 Nxe7 24. f4 Nc6 25. Kf2 h6 26. Ne4 f5 1/2-1/2

[Event "Anogia Lasker Memorial 1st"]
[Site "Anogia"]
[Date "2019.09.12"]
[Round "2"]
[White "Alexakis, Dimitris"]
[Black "Nikolaidis, Ioannis"]
[Result "1/2-1/2"]
[WhiteElo "2470"]
[BlackElo "2530"]
[PlyCount "32"]
[EventDate "2019.09.11"]
[EventType "tourn"]
[EventRounds "9"]
[EventCountry "GRE"]
[EventCategory "7"]
[SourceTitle "EXT 2020"]
[Source "ChessBase"]
[SourceDate "2019.10.17"]
[SourceVersion "1"]
[SourceVersionDate "2019.10.17"]
[SourceQuality "1"]

1. e4 e5 2. Nf3 Nc6 3. Bb5 a6 4. Ba4 Nf6 5. 0-0 Be7 6. Re1 b5 7. Bb3 d6 8. c3 0-0 9. d3 Na5 10. Bc2 c5 11. Nbd2 Re8 12. Nf1 h6 13. Ng3 Nc6 14. Bb3 Na5 15. Bc2 Nc6 16. Bb3 Na5 1/2-1/2

[Event "GRE-chT 47th"]
[Site "Patras"]
[Date "2019.07.06"]
[Round "7.4"]
[White "Nikolaidis, Ioannis"]
[Black "Papadopoulos, Georgios1111"]
[Result "0-1"]
[WhiteElo "2534"]
[BlackElo "2378"]
[PlyCount "92"]
[EventDate "2019.07.02"]
[EventType "team-swiss"]
[EventRounds "7"]
[EventCountry "GRE"]
[SourceTitle "CBM 191 Extra"]
[Source "ChessBase"]
[SourceDate "2019.09.30"]
[SourceVersion "1"]
[SourceVersionDate "2019.09.30"]
[SourceQuality "1"]
[WhiteTeam "Purchases of New Crystal"]
[BlackTeam "Pefkis"]
[WhiteTeamCountry "GRE"]
[BlackTeamCountry "GRE"]

1. d4 Nf6 2. c4 g6 3. Nc3 Bg7 4. e4 d6 5. Nf3 0-0 6. Be2 Bg4 7. Be3 Nfd7 8. Rc1 e5 9. d5 a5 10. h3 Bxf3 11. Bxf3 Na6 12. h4 f5 13. h5 Nb4 14. Rb1 f4 15. Bc1 Nc5 16. Kf1 a4 17. Be2 gxh5 18. Rxh5 Qe8 19. Rh3 Rf6 20. Bg4 Rh6 21. Rxh6 Bxh6 22. Bf5 Qe7 23. Qh5 Qg5 24. Qxg5+ Bxg5 25. Bd2 c6 26. g4 Nbd3 27. f3 Ra6 28. Ke2 Nb4 29. b3 axb3 30. axb3 Nc2 31. dxc6 Nd4+ 32. Kf2 Rxc6 33. Nb5 Nd3+ 34. Kf1 Nxf3 35. Bc3 Nh4 36. Be6+ Kf8 37. b4 f3 38. Bd5 Ra6 39. Rd1 Nf4 40. Ra1 Rxa1+ 41. Bxa1 Nd3 42. Nxd6 f2 43. Nf5 Nf3 44. Ke2 Nh2 45. Ng3 Bh4 46. Nf1 Nf4+ 0-1

[Event "Attica CupT final playoff"]
[Site "Attica"]
[Date "2019.05.19"]
[Round "3.2"]
[White "Nikolaidis, Ioannis"]
[Black "Papasimakopoulos, Alexandros"]
[Result "1-0"]
[WhiteElo "2541"]
[BlackElo "2185"]
[PlyCount "57"]
[EventDate "2019.05.19"]
[EventType "team-match (rapid)"]
[EventRounds "3"]
[EventCountry "GRE"]
[SourceTitle "CBM 190 Extra"]
[Source "ChessBase"]
[SourceDate "2019.07.15"]
[SourceVersion "1"]
[SourceVersionDate "2019.07.15"]
[SourceQuality "1"]
[WhiteTeam "Erythraias Ames"]
[BlackTeam "Kallithea"]
[WhiteTeamCountry "GRE"]
[BlackTeamCountry "GRE"]

1. d4 f5 2. Bf4 Nf6 3. e3 g6 4. h4 h6 5. Nc3 Bg7 6. Qf3 d6 7. Bc4 e6 8. 0-0-0 Qe7 9. Nge2 a6 10. Bh2 Nbd7 11. e4 Nb6 12. Bb3 fxe4 13. Nxe4 Rf8 14. Nf4 Qf7 15. Nxf6+ Qxf6 16. Qe4 Kf7 17. h5 g5 18. Ng6 Re8 19. f4 g4 20. Bg3 d5 21. Qe2 Kg8 22. Ne5 c5 23. c3 cxd4 24. Rxd4 Bd7 25. Bc2 Rf8 26. Bh4 Bb5 27. Qxg4 Qxe5 28. fxe5 Rae8 29. Bf6 1-0